Ladění srdcí

Bibliographic Details
Main Author: Yongbergovi, John a Millie (Author)
Format: Book
Language:English
PhysicalDescription:95 s.
Published: Praha Advent 1990

MARC

LEADER 00000nam a2200000 a 4500
001 vtls001492740
003 SK-MaSNL
005 20260301104624.0
008 240314 000 0 eng
040 |a SNK  |b slo  |c SNK  |e AACR2 
100 1 |a Yongbergovi, John a Millie  |4 aut  |9 443650 
245 1 0 |a Ladění srdcí 
260 |a Praha  |b Advent  |c 1990 
300 |a 95 s. 
999 |c 698644  |d 700574 
952 |a SNK  |b SNK  |y VYP  |7 0  |p 17A0351558  |o snkIC 119966  |i snkKIP 2456/92  |3 Rekatalogizácia  |0 0  |1 0  |4 0  |d 2005-02-08  |l 0  |r 2026-02-23 20:49:29  |w 2026-02-23